000 00477cam a2200145 4500500
005 20251012010430.0
041 _afre
042 _adc
100 1 0 _aJacquet, Christophe
_eauthor
245 0 0 _aAlexandre Jollien, Bernard Campan. Leçon de joie
260 _c2007.
500 _a45
786 0 _nPhilosophie magazine | 9 | 5 | 2007-05-01 | p. 1-2 | 1951-1787
856 4 1 _uhttps://shs.cairn.info/magazine-philosophie-magazine-2007-5-page-1?lang=fr&redirect-ssocas=7080
999 _c1519188
_d1519188